00548nam a2200133Ia 4500008004100000020002200041050001700063100002900080245007600109260004200185650007600227952009400303999001700397120626s9999 xx 000 0 und d a978-607-95119-1-3 aHJ6761 R4947 aREYES DIAZ-LEAL, Eduardo aIntroducción al sistema aduanero mexicano / Eduardo Reyes Díaz-Leal aMéxico : Global Business University a1. ADUANAS -- MEXICO 2. REGULACION DEL COMERCIO EXTERIOR -- MEXICOÌ 00104070a09b09d2010-09-09l0oHJ6761 R4947p09 003451r2012-06-26t1w2012-06-26yLB c64523d64523